000 00377nam a2200133Ia 4500
008 231129s9999||||xx |||||||||||||| ||spa||
020 _a958-9498-04-3 (v.1).
040 _bspa
082 _a510 R696m
100 _aRodriguez Saenz Benjamin Plinio
245 0 _aMatematicas con tecnologia aplicada
264 _aPrentice-Hall
942 _2ddc
_cBKS
999 _c20769
_d20769